40 Questions You should Ask Your Lawyer Before Applying for A Housing Loan in Malaysia

Bibliographic Details
Main Author: Khairul Anuar (Author)
Format: Book
Language:English
Published: Petaling Jaya, Selangor : TrueWealth Sdn Bhd. 2015
Subjects:

MARC

LEADER 00000cam a2200000 7i4500
001 0000027922
005 20180330.0
008 180313 my eng
020 |a 9789674160616 
040 |a INS   |b eng   |e rda 
090 0 0 |a HD1390.5   |b K43 2015 
100 0 |a Khairul Anuar ,   |e author. 
245 1 0 |a 40 Questions You should Ask Your Lawyer Before Applying for A Housing Loan in Malaysia   |c KHAIRUL ANUAR 
246 3 |a Forty questions you should ask your lawyer before applying for a housing loan in Malaysia 
264 1 |a Petaling Jaya, Selangor :   |b TrueWealth Sdn Bhd.   |c 2015 
264 4 |c ©2015 
300 |a ii, 200 pages ;   |c 21 cm. 
336 |a text  |2 rdacontent 
337 |a unmediated  |2 rdamedia 
338 |a volume  |2 rdacarrier 
650 0 |a House buying   |z Malaysia 
650 0 |a Real property   |z Malaysia 
999 |a 1000003367   |b BOOK   |c Open Shelf   |e Default branch